000 00442pab a2200169 454500
008 180718b2004 xxu||||| |||| 00| 0 eng d
100 _aEngineer, Asghar Ali
245 _aGlobalisation and emerging challenges to Islam in Asia
260 _c2004
300 _ap.1-10.
362 _aJul-Dec
650 _aIslam - India
650 _aGlobalization - India
650 _aGlobalization
773 _aGandhian Perspectives
909 _a67370
999 _c67370
_d67370